| 000 | 00807nac a22002171u 4500 | ||
|---|---|---|---|
| 010 | _a 2002035536 | ||
| 020 | _a0130135607 | ||
| 082 | 0 | 0 |
_a621.381 _bA5173 |
| 090 |
_c77 _d77 |
||
| 100 | _aAminian, Ali. | ||
| 245 | 1 | 0 |
_aElectronic devices : _ba design approach / _cAli Aminian, Marian K. Kazimierczuk. |
| 260 |
_aUpper Saddle River, N.J. : _bPearson Prentice Hall, _cc2004. |
||
| 300 |
_axii, 795 p. : _bill. ; _c29 cm. |
||
| 500 | _aIncludes index. | ||
| 650 | 0 | _aElectronic apparatus and appliances. | |
| 650 | 0 | _aElectronic circuit design. | |
| 650 | 0 | _aElectronics. | |
| 700 | 1 | _aKazimierczuk, Marian. | |
| 942 |
_cBB _k621.381A5173 |
||
| 999 |
_c77 _d77 |
||